Ejercicios y problemas sobre teoria de los precios (Registro nro. 1081)

Detalles MARC
000 -LEADER
fixed length control field 01382 a2200229 4500
001 - CONTROL NUMBER
control field 22995
005 - DATE AND TIME OF LATEST TRANSACTION
control field 20260407155520.0
008 - FIXED-LENGTH DATA ELEMENTS--GENERAL INFORMATION
fixed length control field 260407a1967 arg spa d
003 - CONTROL NUMBER IDENTIFIER
control field AR-UNSa-BCEJYS
040 ## - CATALOGING SOURCE
Original cataloging agency AR-UNSa-BCEJYS
Language of cataloging spa
Transcribing agency AR-UNSa-BCEJYS
080 ## - UNIVERSAL DECIMAL CLASSIFICATION NUMBER
Universal Decimal Classification number 338.5.01
Common auxiliary subdivision Teorías de los precios<br/>
100 1# - MAIN ENTRY--PERSONAL NAME
Personal name Fernández López, Manuel
245 10 - TITLE STATEMENT
Title Ejercicios y problemas sobre teoria de los precios
264 #1 - PRODUCTION, PUBLICATION, DISTRIBUTION, MANUFACTURE, AND COPYRIGHT NOTICE
Place of production, publication, distribution, manufacture Buenos Aires :
Name of producer, publisher, distributor, manufacturer Amorrortu Editores
Date of production, publication, distribution, manufacture, or copyright notice 1967
300 ## - PHYSICAL DESCRIPTION
Extent 128 p.
Dimensions 22 cm.
505 ## - FORMATTED CONTENTS NOTE
Formatted contents note 1. Técnicas matemáticas y gráficas - 2. La demanda y el precio en la competencia perfecta - 3. Aplicación a la demanda de los conceptos totales, medios, marginales y de elasticidad - 4. Teoría de la demanda; enfoque clásico de la utilidad - 5. Teoría de la demanda; enfoque de las curvas de indiferencia - 6. Estructura de mercado - 7. Teoría de la producción - 8. Costos de producción - 9. Decisiones sobre precios y volumen de producción en la competencia perfecta - 10. Decisiones sobre precios y volumen de producción en el monopolio - 11. Decisiones sobre precios y volumen de producción en la competencia monopólica y en el oligopolio - 12. Determinación de los precios de los factores.<br/>
590 ## - LOCAL NOTE (RLIN)
Local note niveau_biblio:m niveau_hierar:0
700 1# - ADDED ENTRY--PERSONAL NAME
Personal name Levenson, Albert M.
700 1# - ADDED ENTRY--PERSONAL NAME
Personal name Solon, Babette
700 1# - ADDED ENTRY--PERSONAL NAME
Personal name Oyuela de Grant, Antonia
942 ## - ADDED ENTRY ELEMENTS (KOHA)
Koha item type
Existencias
Withdrawn status Lost status Damaged status Not for loan Home library Current library Shelving location Date acquired Total checkouts Full call number Barcode Date last seen Price effective from Koha item type
        Biblioteca Prof. Eusebio Cleto del Rey Biblioteca Prof. Eusebio Cleto del Rey   07/04/2026   338.5.01 L657e L23119 07/04/2026 07/04/2026 Libro
        Biblioteca Prof. Eusebio Cleto del Rey Biblioteca Prof. Eusebio Cleto del Rey   07/04/2026   338.5.01 L657e L53217 07/04/2026 07/04/2026 Libro
        Biblioteca Prof. Eusebio Cleto del Rey Biblioteca Prof. Eusebio Cleto del Rey   07/04/2026   338.5.01 L657e L23109 07/04/2026 07/04/2026 Libro
        Biblioteca Prof. Eusebio Cleto del Rey Biblioteca Prof. Eusebio Cleto del Rey   07/04/2026   338.5.01 L657e L23111 07/04/2026 07/04/2026 Libro
        Biblioteca Prof. Eusebio Cleto del Rey Biblioteca Prof. Eusebio Cleto del Rey   07/04/2026   338.5.01 L657e L23115 07/04/2026 07/04/2026 Libro
        Biblioteca Prof. Eusebio Cleto del Rey Biblioteca Prof. Eusebio Cleto del Rey   07/04/2026   338.5.01 L657e L23113 07/04/2026 07/04/2026 Libro
        Biblioteca Prof. Eusebio Cleto del Rey Biblioteca Prof. Eusebio Cleto del Rey   07/04/2026   338.5.01 L657e L23117 07/04/2026 07/04/2026 Libro